To Kill A Mockingbird - Statistics

General Stats
  • This quiz has been taken 297 times
  • The average score is 10 of 15
Answer Stats
Answer % Correct
main male character, brother of ^^ Jem
98%
Main female character Scout
98%
who is the father Atticus
96%
what is the crime that the trial is about rape
86%
who saved the kids the night of halloween (nickname) Boo Radley
85%
other main male character Dill
82%
who does Atticus defend Tom Robinson
82%
who is the kids nanny/maid/mother figure Calpurnia
78%
what family presses charges Ewell
78%
name the kids aunt Alexandra
69%
who is the Sheriff Heck Tate
59%
Who was the neighbor that Jem read to Mrs. Dubose
49%
why did Atticus shoot the dog rabies
45%
who scared the kids the night of halloween Cecil Jacobs
29%
what is the name of the dog that atticus shot Old Tim Johnson
9%
No matching quizzes found
Score Distribution
Percent of People with Each Score
Percentile by Number Answered
Your Score History
You have not taken this quiz